Влияние нанореагентов и физических методов воздействия на термо и каткрекинг тяжелых нефтяных дистиллятов; Проблемы геологии и освоения недр; Т. 2
| Parent link: | Проблемы геологии и освоения недр: труды XX Международного симпозиума имени академика М. А. Усова студентов и молодых ученых, посвященного 120-летию со дня основания Томского политехнического университета, Томск, 4-8 апреля 2016 г./ Национальный исследовательский Томский политехнический университет (ТПУ), Институт природных ресурсов (ИПР) ; Общество инженеров-нефтяников, международная некоммерческая организация, Студенческий чаптер ; под ред. А. Ю. Дмитриева.— , 2016 Т. 2.— 2016.— [С. 468-470] |
|---|---|
| Glavni autor: | |
| Autor kompanije: | |
| Daljnji autori: | , , |
| Sažetak: | Заглавие с экрана |
| Jezik: | ruski |
| Izdano: |
2016
|
| Serija: | Современные технологии подготовки и переработки природных ресурсов Углеводородное сырье |
| Teme: | |
| Online pristup: | http://earchive.tpu.ru/handle/11683/31982 |
| Format: | MixedMaterials Elektronički Poglavlje knjige |
| KOHA link: | https://koha.lib.tpu.ru/cgi-bin/koha/opac-detail.pl?biblionumber=619988 |
MARC
| LEADER | 00000naa2a2200000 4500 | ||
|---|---|---|---|
| 001 | 619988 | ||
| 005 | 20240118132231.0 | ||
| 035 | |a (RuTPU)RU\TPU\conf\18457 | ||
| 035 | |a RU\TPU\conf\18456 | ||
| 090 | |a 619988 | ||
| 100 | |a 20160914d2016 k y0rusy50 ca | ||
| 101 | 0 | |a rus | |
| 102 | |a RU | ||
| 105 | |a y z 100zy | ||
| 135 | |a drgn ---uucaa | ||
| 181 | 0 | |a i | |
| 182 | 0 | |a b | |
| 200 | 1 | |a Влияние нанореагентов и физических методов воздействия на термо и каткрекинг тяжелых нефтяных дистиллятов |f Н. В. Брославский, М. А. Морозов, С. П. Журавков |g науч. рук. Т. А. Федущак | |
| 203 | |a Текст |c электронный | ||
| 225 | 1 | |a Современные технологии подготовки и переработки природных ресурсов | |
| 225 | 1 | |a Углеводородное сырье | |
| 300 | |a Заглавие с экрана | ||
| 320 | |a [Библиогр.: с. 470 (6 назв.)] | ||
| 461 | 1 | |0 (RuTPU)RU\TPU\conf\17456 |t Проблемы геологии и освоения недр |o труды XX Международного симпозиума имени академика М. А. Усова студентов и молодых ученых, посвященного 120-летию со дня основания Томского политехнического университета, Томск, 4-8 апреля 2016 г. |o в 2 т. |f Национальный исследовательский Томский политехнический университет (ТПУ), Институт природных ресурсов (ИПР) ; Общество инженеров-нефтяников, международная некоммерческая организация, Студенческий чаптер ; под ред. А. Ю. Дмитриева |d 2016 | |
| 463 | 1 | |0 (RuTPU)RU\TPU\conf\17458 |t Т. 2 |v [С. 468-470] |d 2016 | |
| 610 | 1 | |a труды учёных ТПУ | |
| 610 | 1 | |a электронный ресурс | |
| 610 | 1 | |a нанореагенты | |
| 610 | 1 | |a физические методы | |
| 610 | 1 | |a нефтяные дистилляты | |
| 610 | 1 | |a дистилляты | |
| 610 | 1 | |a каталитический крекинг | |
| 610 | 1 | |a газовые фракции | |
| 700 | 1 | |a Брославский |b Н. В. | |
| 701 | 1 | |a Морозов |b М. А. | |
| 701 | 1 | |a Журавков |b С. П. |c химик |c ведущий научный сотрудник, доцент Томского политехнического университета, кандидат химических наук |f 1961- |g Сергей Петрович |3 (RuTPU)RU\TPU\pers\28225 |9 13178 | |
| 702 | 1 | |a Федущак |b Т. А. |4 727 | |
| 712 | 0 | 2 | |a Национальный исследовательский Томский политехнический университет (ТПУ) |b Управление проректора по научной работе и инновациям (НРиИ) |b Инжиниринговый центр (ИЦ) |3 (RuTPU)RU\TPU\col\22638 |
| 801 | 2 | |a RU |b 63413507 |c 20181010 |g RCR | |
| 856 | 4 | |u http://earchive.tpu.ru/handle/11683/31982 | |
| 942 | |c BK | ||